| 000 | 00575cam a22002053a 4500 | ||
|---|---|---|---|
| 001 | 33704 | ||
| 003 | PGUSA | ||
| 005 | 20140828083729.0 | ||
| 008 | 100912s2010||||xxu|||||s|||||000 | eng d | ||
| 040 |
_aPGUSA _beng |
||
| 042 | _adc | ||
| 100 | 1 |
_aHeyse, Paul, _d1830-1914 |
|
| 245 | 1 | 0 |
_aIn Paradise : _bA Novel. Vol. I. _h[electronic resource] / _cPaul Heyse |
| 260 |
_bProject Gutenberg, _c2010 |
||
| 506 | _aPublic domain in the USA. | ||
| 516 | _aElectronic text | ||
| 830 | 0 |
_aProject Gutenberg _v33704 |
|
| 856 | 4 | 0 | _uhttp://www.gutenberg.org/ebooks/33704 |
| 942 | _cEB | ||
| 999 |
_c262959 _d262959 |
||